000 00530nam a22001937a 4500
003 KOHA_MİRAKIL
005 20250926162001.0
008 250926b tu ||||| |||| 00| 0 tur d
020 _a9786257030595
040 _aTR-AnABB
_btur
_cTR-AnABB
041 _atur
082 _a891
_bTAG 2021
100 1 _aTagore, Rabindranath,
245 1 0 _aSadhana /
_cRabindranath Tagore
260 _aAnkara :
_bDoğu Batı Yayınları,
_c2021
300 _a120 sayfa ;
_c21 cm
650 0 0 _aKültür değerleri
942 _2ddc
_cBK
999 _c8933
_d8933
900 _bGizem YORULMAZ